Western USA Map Quiz - Statistics

General Stats
  • This quiz has been taken 95 times
  • The average score is 12 of 14
Answers on the Map
Answers color-coded by a green-red scale on the quiz's map according to % correct below.
 
Answer Stats
Answer % Correct
Texas
95%
Alaska
92%
California
92%
Hawaii
87%
Idaho
87%
Washington
87%
Montana
85%
Nevada
85%
Oregon
85%
Arizona
82%
New Mexico
82%
Wyoming
79%
Colorado
77%
Utah
77%
No matching quizzes found
Score Distribution
Percent of People with Each Score
Percentile by Number Answered
Your Score History
You have not taken this quiz